Responses for show #4718 - Wednesday, February 23, 2005

2005 Ultimate Tournament of Champions Round 1, game 11.
Single-player Final Jeopardy!

Contestants

[<< previous game]

Jeff Richmond, an attorney from Los Angeles, California

Billy Baxter, an attorney from Richmond, Virginia

Bernard Holloway, a sophomore at the University of North Carolina at Chapel Hill from Chapel Hill, North Carolina

[next game >>]

Jeopardy! Round responses

ASTRONOMY
SPOUSE IN COMMON
AMERICANA
THAT '70s NEWS ITEM
PEOPLE & PLACES
BEASTLY LANGUAGE
    $200 11
the New Moon

Jeff
    $200 16
Richard Gere

Billy
    $200 6
John Adams

Jeff
    $200 21
the Equal Rights Amendment

Bernard
    $200 1
China

Billy
    $200 26
get your ducks in a row

Triple Stumper
    $400 12
Galileo

Jeff
    $400 17
Lauren Bacall

Billy
    $400 7
the American Freedom Bell

Triple Stumper
    $400 22
George Wallace

Billy
    $400 2
Bermuda

Bernard
    $400 27
grouse

Jeff
    $600 13
(Alex: It means we're close to experiencing [*].)

an eclipse

Triple Stumper
    $600 18
Uma Thurman

Billy
    $600 8
Iwo Jima

Bernard
    $600 23
(Alex: Famous robbery at [*].)

JFK

Triple Stumper
    $600 3
La Mancha

Triple Stumper
    $600 28
horse trading

Jeff
    $800 14
(Billy: What is Canis?)

Sirius (or Alpha Canis Majoris)

BillyJeff
    $800 19
Paul Simon

Billy
    $800 9
(Billy: What is 1948?)
...
(Alex: For Alaska, correct.)

1959

BillyJeff
    $800 24
the Helsinki Accords

Jeff
    $1,000 4
(Bernard: What is Canberra?)

Tasmania

Bernard
    $800 29
goose

Jeff
    $1000 15
Opportunity

Billy
    $1000 20
Liza Minnelli

Triple Stumper
    $1000 10
(Jeff: What is the Brooklyn Bridge?)

the Washington Monument

Jeff
Triple Stumper
    $1000 25
Jeffrey MacDonald

Triple Stumper
    $1000 5
(Billy: What is Canterbury?)

Cambridge

BillyJeff
    $1000 30
flounder

Jeff

Scores at the first commercial break (after clue 15):

Bernard Billy Jeff
$0 -$1,400 $2,400

Scores at the end of the Jeopardy! Round:

Bernard Billy Jeff
$200 $1,000 $6,000

Double Jeopardy! Round responses

small state capitals
(Alex: Since the Academy Awards are coming up this weekend, we have...)
QUOTABLE OSCAR HOSTS
J.R.
FURNITURE
PLAYS
"GRAY" MATTER
    $400 1
Dover

Billy
    $400 18
(Billy: Who is Billy Crystal?)

David Letterman

Billy
Triple Stumper
    $400 9
Janet Reno

Triple Stumper
    $400 16
a bean bag (chair)

Billy
    $400 17
winter

Bernard
    $400 6
Dorian Gray

Billy
    $800 2
Providence

Jeff
    $800 19
[Audience laughter]
(Alex: ...and that was the recently departed [*].)

Johnny Carson

Triple Stumper
    $800 10
John Reed

Billy
    $800 23
(Billy: What is the Ottoman?)

France

Billy
Triple Stumper
    $800 27
No Exit

Triple Stumper
    $800 7
Gray's Anatomy

Billy
    $1200 3
Hartford

Bernard
    $1200 20
[Laughter]
(Bernard: Who is Jerry Lewis?)
...
(Alex: Who was the late [*]? At least the quotes are entertaining.)

Bob Hope

Bernard
Triple Stumper
    $1200 11
(Alex: Gotta remember the category.)

Jerome Robbins

Triple Stumper
    $1200 24
(Billy: What is a podium?)

a lectern

BillyJeff
    $1200 28
Edmond Rostand

Triple Stumper
    $1200 8
Gray Davis

Jeff
    $1600 4
(Bernard: What is Albany?)

Trenton

Bernard
Triple Stumper
    $1600 21
[Audience again laughs]
(Alex: ...that was [*]'s line.)

Steve Martin

Triple Stumper
    $1600 12
Sir Joshua Reynolds

Triple Stumper
    $1600 25
an étagère

Triple Stumper
    $1600 29
Willy Loman

Triple Stumper
    $1600 14
a gray squirrel

Jeff
    $2,000 5
(Bernard: Uh, what is Tallahassee?)

Concord

Bernard
    $2000 22
(Alex: ...the famous scene where a streaker ran behind [*], who was hosting that year.)

David Niven

Triple Stumper
    $2000 13
Jacob Riis

Jeff
    $2000 26
(Billy: Who was Duncan Phyfe?)

Hepplewhite

Billy
Triple Stumper
    $1,000 30
(Jeff: [Shakes head] I don't know.)

The Iceman Cometh

Jeff
    $2000 15
Elisha Gray

Triple Stumper

Scores at the end of the Double Jeopardy! Round:

Bernard Billy Jeff
-$3,000 -$600 $11,800
(lock game)

[wagering suggestions for these scores]

Final Jeopardy! Round responses

BESTSELLING AUTHORS
(Alex: 30 seconds. Good luck, Jeff.)
...
(Alex: All right, today I think we'll start with... Jeff Richmond. You had $11,800; you were in first and last place.)
[Laughter]
JeffWho is Michael Crichton?
$11,500
Michael Crichton

Final scores:

Bernard Billy Jeff
-$3,000 -$600 $23,300
3rd place: $5,000 2nd place: $5,000 Winner: $23,300 + an advance to UToC Round 2

Game dynamics:

Coryat scores:

Bernard Billy Jeff
$0 -$600 $12,800
5 R,
4 W
(including 2 DDs)
12 R,
7 W
16 R,
2 W
(including 1 DD)

Combined Coryat: $12,200

The J! Archive is created by fans, for fans. The Jeopardy! game show and all elements thereof, including but not limited to copyright and trademark thereto, are the property of Jeopardy Productions, Inc. and are protected under law. This website is not affiliated with, sponsored by, or operated by Jeopardy Productions, Inc. Join the discussion at JBoard.tv.